Adbhuta Bhārat: Madhya Bhārat (Record no. 361147)

MARC details
000 -LEADER
fixed length control field 00486 a2200181 4500
005 - DATE & TIME
control field 20250604121158.0
008 - FIXED-LENGTH DATA ELEMENTS--GENERAL INFORMATION
fixed length control field 250604b |||||||| |||| 00| 0 eng d
020 ## - ISBN
International Standard Book Number 9789359476759
Price Rs. 250.00
040 ## - CATALOGING SOURCE
Original cataloging agency VIVEKANANDA LIBRARY
082 ## - DDC NUMBER
Classification number 954
Book Number S64A
100 ## - MAIN ENTRY--PERSONAL NAME
Personal name Siṅghal, Prabhāt Kumār
245 ## - TITLE STATEMENT
Title Adbhuta Bhārat: Madhya Bhārat
260 ## - PUBLICATION, DISTRIBUTION, ETC. (IMPRINT)
Name of publisher, distributor, etc Sāhityāgāra
Date of publication, distribution, etc 2024
Place of publication, distribution, etc Jaipur
300 ## - PHYSICAL DESCRIPTION
Pages 125
650 ## - Subject
Subject India- Civilization
650 ## - Subject
Subject India- Description and Travel
942 ## - ADDED ENTRY ELEMENTS (KOHA)
Koha item type Books
Holdings
Withdrawn status Lost status Source of classification or shelving scheme Damaged status Not for loan Location (home branch) Sublocation or collection (holding branch) Shelving location Date acquired Koha issues (times borrowed) Koha full call number Accession No. Koha date last seen Koha item type
    Dewey Decimal Classification     VIVEKANANDA LIBRARY VIVEKANANDA LIBRARY Vivekananda Library 25/02/2025   954 S64A 437681 25/02/2025 Books
© Designed and Maintained by Vivekananda Library, MDU Rohtak